• 首页
  • 本馆介绍
  • 公告通知
  • 最新文献
  • 馆藏检索
  • 电子资源
  • 读者导购
  • 参考咨询
  • 我的图书馆
  • 登录
  • 详细信息显示
  • 放入我的书架
  • 预约/预借图书
  • 作者相关作品
  • 分类相关作品
  • 丛书相关作品
  • 出版社相关作品

书目信息

  • 表格格式
  • 工作单格式
  • 卡片格式
题名:
无机化学实验
    
 
作者: ;中山大学 , 辽宁大学 编
分册:  
出版信息: 北京   人民教育出版社  1978
页数: 217页
开本: 19cm
丛书名:
单 册:
中图分类: O61-3 , O61-33
科图分类:
主题词: 无机化学--实验--高等学校--教材
电子资源:
ISBN:
000 00747nam0 2200253 45
001 0178006214
005 20060816104844.65
010    @dCNY0.52
091    @a13012.0138
100    @a19950726d1978 em y0chiy0121 ea
101 0  @achi
102    @aCN@b110000
105    @ay z 000yy
200 10 @a无机化学实验@Awu ji hua xue shi yan@f中山大学,辽宁大学等编@Fzhong shan da xue,liao ning da xue deng bian
210    @a北京@c人民教育出版社@d1978
215    @a217页@d19cm
300    @a高等学校试用教材
606    @a无机化学@x实验@x高等学校@x教材
690    @aO61-3@v4
690    @aO61-33@v3
711 02 @a中山大学@Azhong shan da xue@4编
711  0 @a辽宁大学@Aliao ning da xue@4编
801  0 @aCN@bTSSF@c20060816
905    @a10447@dO61-33@e10
    
    无机化学实验/中山大学,辽宁大学等编.-北京:人民教育出版社,1978
    217页;19cm
    高等学校试用教材
    
    ISBN :CNY0.52
    
●
相关链接 在E读中查询图书 在五车中查询图书 在当当中查询图书 在豆瓣中查询图书


正题名:无机化学实验     索取号:O61-33/10         预约/预借

序号 登录号 条形码 馆藏地/架位号 状态 备注
1 0002903   202384295   密集书库/ [索取号:O61-33/10] 在馆    
2 0002904   202253989   密集书库/ [索取号:O61-33/10] 在馆    
3 0002905   202253961   密集书库/ [索取号:O61-33/10] 在馆    
4 0002906   202384259   密集书库/ [索取号:O61-33/10] 在馆    
5 0002908   202384240   密集书库/ [索取号:O61-33/10] 在馆    
6 0002909   202253925   密集书库/ [索取号:O61-33/10] 在馆    
7 0002911   202253943   密集书库/ [索取号:O61-33/10] 在馆    
8 0002912   202254005   密集书库/ [索取号:O61-33/10] 在馆    
9 0004327   202384142   密集书库/ [索取号:O61-33/10] 在馆    
10 0004328   202254023   密集书库/ [索取号:O61-33/10] 在馆    
11 0004329   202384286   密集书库/ [索取号:O61-33/10] 在馆    
12 0443090   204430909   密集书库/ [索取号:O61-33/10] 在馆    
13 0443091   204430918   密集书库/ [索取号:O61-33/10] 在馆    
14 0443177   204431775   密集书库/ [索取号:O61-33/10] 在馆    
15 0461852   204618529   密集书库/ [索取号:O61-33/10] 在馆    
唐山师范学院图书馆 欢迎您!
大连网信软件有限公司© 版权所有